000 00629nam a2200277Ia 4500
005 20260324125455.0
008 008 260324s9999 xx 000 0 eng d
020 _a9781315833897
037 _aEBOOK
040 _aCRL
040 _beng
040 _cCRL
041 _2eng
041 _aeng
084 _qCRL
100 _aValerie Rumbold
_91178120
245 4 _aThe Dunciad in Four Books
260 _bTaylor and Francis
260 _c2009
365 _a
365 _b230
856 _uhttp://www.taylorfrancis.com/books/9781315833897
942 _cEBOOK
999 _c1773417
_d1773417